नजीर अकबरवादी और उनकी विचारधारा (Record no. 1467108)

MARC details
000 -LEADER
fixed length control field 00615nam a22001817a 4500
005 - DATE AND TIME OF LATEST TRANSACTION
control field 20260107121942.0
008 - FIXED-LENGTH DATA ELEMENTS--GENERAL INFORMATION
fixed length control field 260107b |||||||| |||| 00| 0 eng d
037 ## - SOURCE OF ACQUISITION
Terms of availability TB
040 ## - CATALOGING SOURCE
Original cataloging agency AL
Transcribing agency AL
084 ## - COLON CLASSIFICATION NUMBER
Assigning agency AL
100 ## - MAIN ENTRY--PERSONAL NAME
Personal name अलीम, अब्दुल
9 (RLIN) 862543
245 ## - TITLE STATEMENT
Title नजीर अकबरवादी और उनकी विचारधारा
260 ## - PUBLICATION, DISTRIBUTION, ETC.
Place of publication, distribution, etc. दिल्ली, भारत:
Name of publisher, distributor, etc. वाणी प्रकाशन,
Date of publication, distribution, etc. 1992.
300 ## - PHYSICAL DESCRIPTION
Extent 192 p.
365 ## - TRADE PRICE
Price amount 65.00
Currency code INR
942 ## - ADDED ENTRY ELEMENTS (KOHA)
Source of classification or shelving scheme Colon Classification (CC)
Koha item type Textbook
Suppress in OPAC No

No items available.

Copyright @ Delhi University Library System